00606nam a2200193Ia 450000500170000000800410001702000150005804000180007304100080009108200200009910000280011924500420014725000120018926000570020130000250025865000390028365000540032265000360037620220915102958.0210716s2004 xx 000 0 und d a8120309499 cAIMIT LIBRARY aeng a575.1 23bSTRM aStrickberger, Monroe W. aGenetics /cBy Monroe W Strickberger. a3rd ed. aNew Delhi :bPrentice Hall of India PVt Ltd ,c2004. axxi, 842p. ;c25 cm. aIdentification of genetic material aTransmission and distribution of genetic material aArrangement of genetic material